[Event "Arctic Cup u16"]
[Site "Salekhard RUS"]
[Date "2003.10.11"]
[Round "9"]
[White "Faizrakhmanov,G"]
[Black "Lodoev,A"]
[Result "1/2-1/2"]
[WhiteElo "2248"]
[BlackElo "2118"]

1.e4 c5 2.Nf3 d6 3.Bb5+ Bd7 4.Bxd7+ Qxd7 5.c4 Nc6 6.d4 cxd4 7.Nxd4 Nf6 8.Nc3 e6
9.O-O Be7 10.b3 O-O 11.Ba3 Rfd8 12.Re1 a6 13.Nxc6 Qxc6 14.Rc1 b6 15.Qe2 Qb7
16.Red1 Rac8 17.f3 h6 18.Qe3 b5 19.cxb5 axb5 20.Bb4 Rd7 21.Qd3 Rb8 22.Kf1 d5
23.Bxe7 dxe4 24.Qxb5 Qxb5+ 25.Nxb5 Rxe7 26.a4 exf3 27.gxf3 Nd5 28.Kf2 g5
29.Rc5 Kg7 30.Nd4 Reb7 31.Rdc1 Nf4 32.R1c3 Rd8 33.Nc6 Rd2+ 34.Kf1 Rbd7  1/2-1/2

[Event "zt 2.3"]
[Site "Guayaquil ECU"]
[Date "2003.10.12"]
[Round "10"]
[White "Juarez Flores,C"]
[Black "Dominguez,L"]
[Result "0-1"]
[WhiteElo "2392"]
[BlackElo "2607"]

1.e4 c5 2.Nf3 d6 3.Bb5+ Bd7 4.Bxd7+ Qxd7 5.c4 Nc6 6.Nc3 g6 7.d4 cxd4 8.Nxd4 Bg7
9.Nde2 Nf6 10.O-O O-O 11.f3 a6 12.Be3 Qd8 13.Qd2 Qa5 14.Rac1 Rfc8 15.b3 Nd7
16.Rfd1 Rab8 17.Nd5 Qxd2 18.Rxd2 Kf8 19.h3 b6 20.Kf2 Ke8 21.Nef4 Nc5 22.g4 Ne5
23.Nb4 b5 24.Nbd3 g5 25.Bxc5 gxf4 26.Nxe5 dxc5 27.Nd3 Bd4+ 28.Ke2 Be3 29.Rcc2 Bxd2
30.Kxd2 b4 31.Nxf4 a5 32.Ke3 a4 33.Nd3 Ra8 34.h4 axb3 35.axb3 Ra3 36.Rb2 Kd7
37.h5 f6 38.e5 Kc6 39.Ke4 Rd8 40.exf6 exf6 41.Nf4 Re8+ 42.Kd3 Re5 43.Nd5 Rxd5+
44.cxd5+ Kxd5 45.Rd2 Rxb3+ 46.Kc2+ Kc4  0-1

[Event "EuTCh"]
[Site "Plovdiv BUL"]
[Date "2003.10.12"]
[Round "2"]
[White "Fressinet,L"]
[Black "Smirin,I"]
[Result "1/2-1/2"]
[WhiteElo "2654"]
[BlackElo "2670"]

1.e4 c5 2.Nf3 d6 3.Bb5+ Bd7 4.Bxd7+ Qxd7 5.O-O Nc6 6.Qe2 g6 7.c3 Bg7 8.Rd1 e5
9.Na3 Nge7 10.Nc2 O-O 11.d4 cxd4 12.cxd4 exd4 13.Ncxd4 Nxd4 14.Nxd4 d5 15.Bf4 a6
16.Nb3 Rfe8 17.Qd2 Qa4 18.exd5 Nxd5 19.Qxd5 Qxf4  1/2-1/2

[Event "EuTCh"]
[Site "Plovdiv BUL"]
[Date "2003.10.12"]
[Round "2"]
[White "Baklan,V"]
[Black "Vouldis,A"]
[Result "1-0"]
[WhiteElo "2600"]
[BlackElo "2528"]

1.e4 c5 2.Nf3 d6 3.Bb5+ Bd7 4.Bxd7+ Qxd7 5.O-O Nc6 6.c3 Nf6 7.d4 Nxe4 8.d5 Ne5
9.Re1 Nxf3+ 10.Qxf3 Nf6 11.c4 e5 12.dxe6 fxe6 13.Nc3 Be7 14.Bg5 O-O 15.Qh3 h6
16.Qxe6+ Qxe6 17.Rxe6 Kf7 18.Rae1 Rfe8 19.Bh4 Bf8 20.Rxe8 Rxe8 21.Rxe8 Nxe8
22.f4 Be7 23.Bxe7 Kxe7 24.Kf2 h5 25.Kf3 Ke6 26.h3 g6 27.g4 hxg4+ 28.Kxg4 a6
29.Kg5 Kf7 30.Ne4 b5 31.b3 bxc4 32.bxc4 a5 33.a4 Kg7 34.h4 Kf7 35.Kh6 Nf6
36.Nxd6+ Ke6 37.Kxg6  1-0

[Event "ch-Africa"]
[Site "Abuja NGR"]
[Date "2003.10.13"]
[Round "4"]
[White "Ahmed,Es"]
[Black "Adu,O"]
[Result "0-1"]
[WhiteElo "2408"]
[BlackElo "2268"]

1.e4 c5 2.Nf3 d6 3.Bb5+ Bd7 4.Bxd7+ Nxd7 5.O-O Ngf6 6.Re1 e6 7.c3 Be7 8.d4 cxd4
9.cxd4 d5 10.e5 Ne4 11.Re2 Rc8 12.Ne1 Qb6 13.Be3 f5 14.f3 Ng5 15.Nc3 Rc4
16.Nd3 Nf7 17.Nf4 Nd8 18.Ncxd5 exd5 19.Nxd5 Qb5 20.Nxe7 Kxe7 21.d5 f4 22.Bf2 Nb6
23.b3 Rc3 24.Rd2 Nf7 25.Bd4 Nxd5 26.a4 Qxb3 27.e6 Qxd1+ 28.Raxd1 Kxe6 29.Bxg7 Rg8
30.Bxc3 Nxc3 31.Rc1 Nd5 32.Kf2 Ne5 33.Rc5 Rd8 34.a5 b6 35.axb6 axb6 36.Rb5 Rd6
37.g3 Nc4 38.Rd4 Nce3 39.gxf4 Kd7 40.Rb3 Nf5 41.Re4 Kc6 42.Rc4+ Kb7 43.Rb2 Nde3
44.Rc5 Nd1+ 45.Ke2 Nd4+ 46.Kxd1 Nb3+ 47.Kc2 Nxc5 48.Rb4 Kc6 49.f5 Rh6 50.Rf4 Rf6
51.Rh4 h6 52.Rg4 Kd5 53.Rh4 Ke5 54.Rh5 Kf4 55.Kc3 Kxf3 56.Rh4 Nd7 57.Kc4 Rd6
58.Kb5 Ne5 59.Ka6 Ng4 60.Rh3+ Kf4 61.Rg3 h5 62.Rg2 Rf6 63.h4 Kxf5 64.Rb2 Kf4
65.Rb3 Ne3 66.Rb4+ Kg3 67.Rb3 Re6 68.Kb7 Kxh4  0-1

[Event "Essent Open"]
[Site "Hoogeveen NED"]
[Date "2003.10.13"]
[Round "4"]
[White "Willemze,J"]
[Black "Baramidze,D"]
[Result "1/2-1/2"]
[WhiteElo "2380"]
[BlackElo "2463"]

1.e4 c5 2.Nf3 d6 3.Bb5+ Nc6 4.Bxc6+ bxc6 5.O-O e5 6.c3 Nf6 7.d4 cxd4 8.cxd4 exd4
9.Qxd4 Be7 10.e5 dxe5 11.Qxd8+ Bxd8 12.Nxe5 Bb7 13.Na3 O-O 14.Nac4 Bc7 15.Be3 Rfd8
16.Rfc1 Nd7  1/2-1/2

[Event "ch-Africa"]
[Site "Abuja NGR"]
[Date "2003.10.14"]
[Round "6"]
[White "Adebayo,A"]
[Black "Chumfwa,S"]
[Result "0-1"]
[WhiteElo "2248"]
[BlackElo "2318"]

1.e4 c5 2.Nf3 d6 3.Bb5+ Bd7 4.Bxd7+ Qxd7 5.O-O Nc6 6.c3 Nf6 7.Re1 g6 8.d4 cxd4
9.cxd4 d5 10.e5 Ne4 11.Nc3 Nxc3 12.bxc3 Bg7 13.Ng5 e6 14.Ba3 Na5 15.h4 Nc4
16.Bc1 h6 17.Nf3 O-O-O 18.Nd2 Nxd2 19.Bxd2 Kb8 20.h5 Rc8 21.Qg4 Qe8 22.Re3 Bf8
23.Rg3 Rg8 24.Rh3 Rc7 25.Qe2 Qa4 26.hxg6 Rxg6 27.Bf4 b6 28.Qd2 Kb7 29.Re1 Qb5
30.Ree3 a5 31.Re1 Rc4 32.Qd3 Qb2 33.Qd2 Qb5 34.Rf3 Rc7 35.g3 h5 36.Bg5 Be7
37.Bxe7 Rxe7 38.Kg2 h4 39.Rh1 hxg3 40.fxg3 Qe8 41.Qd3 Rc7 42.Rh4 Qa4 43.Rh7 Qe8
44.Qf1 f5 45.Rxc7+ Kxc7 46.Qh1 Qg8 47.Qf1 Kb7 48.Qf2 Rh6 49.Rf4 Qc8 50.Rh4 Rxh4
51.gxh4 Qxc3 52.h5 Qc1 53.Qg3 Qd2+ 54.Kh3 f4 55.Qf3 Qxd4 56.Kg4 Qxe5 57.Qxf4 Qe2+
58.Kg5 Qg2+ 59.Kf6  0-1

[Event "EuTCh"]
[Site "Plovdiv BUL"]
[Date "2003.10.14"]
[Round "4"]
[White "Kovalev,A"]
[Black "Gallagher,Jo"]
[Result "1-0"]
[WhiteElo "2572"]
[BlackElo "2522"]

1.e4 c5 2.Nf3 d6 3.Bb5+ Bd7 4.Bxd7+ Nxd7 5.O-O Ngf6 6.Qe2 e6 7.c3 Be7 8.d4 O-O
9.Rd1 cxd4 10.cxd4 d5 11.e5 Ne4 12.Ne1 f6 13.f3 Ng5 14.exf6 Bxf6 15.Bxg5 Bxg5
16.Qxe6+ Kh8 17.Qxd5 Qe7 18.Nc3 Rae8 19.Nc2 Bf4 20.Qh5 Nf6 21.Qh3 Qf7 22.g3 Bc7
23.Re1 Nd5 24.Rxe8 Rxe8 25.Re1 Rf8 26.Qe6 Qxf3 27.Qxd5 Qf2+ 28.Kh1 Qxc2 29.Qxb7 Qf2
30.Rd1 h6 31.Qg2 Qe3 32.Nb5 Qe6 33.Nxc7 Qg4 34.Re1  1-0

[Event "1st Israel Int Op"]
[Site "Ashdod ISR"]
[Date "2003.10.15"]
[Round "6"]
[White "Tyomkin,D"]
[Black "Zagrebelny,S"]
[Result "1/2-1/2"]
[WhiteElo "2476"]
[BlackElo "2524"]

1.e4 c5 2.Nf3 d6 3.Bb5+ Nd7 4.d4 Nf6 5.O-O a6 6.Bxd7+ Nxd7 7.Nc3 cxd4 8.Qxd4 e6
9.a4 Qb6 10.Qd3 Be7 11.a5 Qc7 12.Be3 O-O 13.Na4 Nf6 14.Nb6 Rb8 15.c4 Bd7
16.Rfe1 Bc6 17.Bf4 Rbd8 18.Rad1 Nh5 19.Bd2 h6 20.h3 Rfe8 21.b3 Nf6 22.Bf4 Nh5
23.Bh2 e5 24.Qb1 Nf6 25.b4 Bf8 26.Nd2 g6 27.Nf1 h5 28.Bg3  1/2-1/2

[Event "La Raza"]
[Site "Medellin COL"]
[Date "2003.10.15"]
[Round "1"]
[White "Celis Sanchez,C"]
[Black "Pupo,E"]
[Result "1/2-1/2"]
[WhiteElo "2321"]
[BlackElo "2368"]

1.e4 c5 2.Nf3 d6 3.Bb5+ Bd7 4.Bxd7+ Qxd7 5.O-O Nc6 6.d4 cxd4 7.Nxd4 Nf6 8.Nc3 g6
9.Re1 Bg7 10.Bg5 O-O 11.Nxc6 bxc6 12.e5 dxe5 13.Qxd7 Nxd7 14.Rad1 Nb6 15.Bxe7 Rfe8
16.Bc5 f5 17.Bxb6 axb6 18.Rd6 Rac8 19.Na4 Bf8 20.Rd7 b5 21.Nc3 Red8 22.Red1 Rxd7
23.Rxd7 Ra8 24.a3 b4 25.axb4 Bxb4 26.Nd1 Ba5 27.Kf1 Rd8 28.Rxd8+ Bxd8 29.Ke2 Kf7
30.Kd3 Ke6 31.f3 h5 32.b4 Bc7 33.h3 h4 34.c4 Bd8 35.c5 Bg5 36.Nc3 Bc1 37.Kc4 Bd2
38.Nb1 Be1 39.Na3 Bg3 40.b5 cxb5+ 41.Nxb5 e4 42.fxe4 fxe4 43.c6 Bf2 44.c7 Kd7
45.Nd6 Kxc7 46.Nxe4 Be3 47.Kd5 Kd7 48.Ke5 Ke7 49.Nc3 Bd2 50.Nd5+ Kf7 51.Ke4 Ke6
52.Nb6  1/2-1/2

[Event "1st Israel Int Op"]
[Site "Ashdod ISR"]
[Date "2003.10.17"]
[Round "9"]
[White "Rozentalis,E"]
[Black "Tseitlin,Ma"]
[Result "1-0"]
[WhiteElo "2633"]
[BlackElo "2431"]

1.e4 c5 2.Nf3 d6 3.Bb5+ Bd7 4.Bxd7+ Qxd7 5.O-O Nf6 6.Qe2 Nc6 7.c3 e6 8.d4 cxd4
9.cxd4 d5 10.e5 Ne4 11.Be3 Be7 12.Ne1 f6 13.f3 Ng5 14.Nd3 O-O 15.Nd2 Rac8
16.exf6 Bxf6 17.Nb3 b6 18.Ne5 Qe8 19.Ng4 Be7 20.Rfe1 Nf7 21.Bf4 h5 22.Nf2 Bb4
23.Bd2 Bxd2 24.Qxd2 Nd6 25.Nd3 Rf6 26.Re2 a5 27.Rae1 a4 28.Na1 Nc4 29.Qd1 Qg6
30.b3 axb3 31.axb3 Nd6 32.Nc2 Nb5 33.Qd2 Na5 34.Na1 Rc6 35.Re5 Rxf3 36.Nf4 Qg4
37.Nxe6 Rf5 38.h3 Qg6 39.Ng5 Rcf6 40.h4 Nd6 41.Qc3 Ne4 42.Qc8+ Rf8 43.Qd7 Nxg5
44.Qxd5+ Kh7 45.hxg5 Nc6 46.Rxf5 Qxf5 47.Qe4 Qxe4 48.Rxe4 Nb4 49.Re2 Rd8
50.Rd2 Kg6 51.Nc2 Nd5 52.Re2 Nf4 53.Re5 Rd5 54.Re4 Kxg5 55.g3 Nd3 56.Re3 Nc1
57.Kf2 Rd8 58.Ke1 Na2 59.Kd2 Kg4 60.Rd3 Rf8 61.d5 Rf2+ 62.Kd1 Rf8 63.d6 g5
64.d7 Rd8 65.Kd2 b5 66.Na3 b4 67.Nc4 Kf5 68.Nd6+ Ke6 69.Nb7 Ke7 70.Re3+ Kxd7
71.Rd3+ Ke6 72.Nxd8+ Kf5 73.Rd5+ Kg6 74.Rb5  1-0

[Event "La Raza"]
[Site "Medellin COL"]
[Date "2003.10.17"]
[Round "5"]
[White "Cuartas,Ja"]
[Black "Pupo,E"]
[Result "1-0"]
[WhiteElo "2419"]
[BlackElo "2368"]

1.e4 c5 2.Nf3 d6 3.Bb5+ Bd7 4.Bxd7+ Qxd7 5.c4 Nc6 6.O-O g6 7.Nc3 Bg7 8.d3 Nf6
9.Be3 Ng4 10.Bd2 O-O 11.h3 Nge5 12.Ne1 f5 13.f4 Nf7 14.Nf3 Nfd8 15.Be3 Ne6
16.Qd2 Bxc3 17.bxc3 fxe4 18.dxe4 Na5 19.Qd5 Kh8 20.Ne5 Qc8 21.f5 Nc7 22.Nf7+ Kg7
23.Bh6+ Kg8 24.Nxd6+ Nxd5 25.Nxc8 Rf7 26.cxd5 Rxc8 27.g4 Nc4 28.Rab1 b6 29.Rbd1 b5
30.Bf4 a5 31.Rf2 Kg7 32.d6 exd6 33.Bxd6 Nxd6 34.Rxd6 Re8 35.f6+ Kh6 36.Re2 Kg5
37.e5 Kf4 38.Rd5 Kg3 39.g5 Re6 40.Rd6 Rxd6 41.exd6 Rd7 42.Rd2  1-0

[Event "EuTCh w"]
[Site "Plovdiv BUL"]
[Date "2003.10.17"]
[Round "6"]
[White "Klinova,M"]
[Black "Petrenko,S"]
[Result "1/2-1/2"]
[WhiteElo "2378"]
[BlackElo "2331"]

1.e4 c5 2.Nf3 d6 3.Bb5+ Nd7 4.c3 Nf6 5.Qe2 a6 6.Ba4 b5 7.Bc2 Bb7 8.O-O e5
9.d4 Be7 10.a4 O-O 11.Re1 Rb8 12.Nbd2 Qc7 13.d5 c4 14.Nf1 Nc5 15.axb5 axb5
16.Ng3 g6 17.h3 Ra8 18.Bh6 Rxa1 19.Rxa1 Ra8 20.Qd1 Qc8 21.Nd2 Rxa1 22.Qxa1 Qa8
23.Qxa8+ Bxa8 24.Be3 Nfd7 25.Nb1 Bb7 26.Ne2 f5 27.exf5 gxf5 28.Bxf5 Bxd5
29.f4 Be6 30.Bxe6+ Nxe6 31.Nd2 exf4 32.Nxf4 Nxf4 33.Bxf4 Nc5 34.Nb1 Nd3 35.Bd2 d5
36.Na3 b4 37.cxb4 Nxb2 38.Nc2 Nd3 39.Kf1 Kf7 40.Ke2 Ke6 41.b5 Bc5 42.Be3 Ke5
43.b6 Bxe3 44.Kxe3 Nc5 45.g4 Kd6 46.h4 Nd7 47.b7 Kc7 48.Kd4 Kxb7 49.Kxd5 Nf6+
50.Kxc4 Nxg4 51.Kd5 Kc7  1/2-1/2

[Event "300 Years"]
[Site "St Petersburg RUS"]
[Date "2003.10.18"]
[Round "1"]
[White "Sinkevich,P"]
[Black "Neverov,V"]
[Result "1/2-1/2"]
[WhiteElo "2323"]
[BlackElo "2550"]

1.e4 c5 2.Nf3 d6 3.Bb5+ Nd7 4.d4 cxd4 5.Qxd4 e5 6.Qd3 a6 7.Bc4 Nc5 8.Qe2 Nf6
9.Ng5 Ne6 10.Nc3 Be7 11.Nxe6 Bxe6 12.O-O O-O 13.Rd1 b5 14.Bd5 Rc8 15.a3 Qc7
16.Bxe6 fxe6 17.Bg5 Qc4 18.Rd3 a5 19.b3 Qc6 20.Rc1 h6 21.Bxf6 Bxf6 22.a4 bxa4
23.bxa4 Qc5 24.Rb1 Rb8 25.Rxb8 Rxb8 26.g3 Rb2 27.h4 Kh8 28.Kg2 Rb4 29.Qh5 Qc6
30.Qf7 Rc4 31.h5 Rxc3 32.Rxc3 Qxc3 33.Qe8+ Kh7 34.Qg6+ Kg8  1/2-1/2

[Event "EuTCh w"]
[Site "Plovdiv BUL"]
[Date "2003.10.19"]
[Round "8"]
[White "Sedina,E"]
[Black "Yildiz,B"]
[Result "1/2-1/2"]
[WhiteElo "2394"]
[BlackElo "2131"]

1.e4 c5 2.Nf3 d6 3.Bb5+ Bd7 4.Bxd7+ Qxd7 5.O-O Nc6 6.c3 Nf6 7.d4 Nxe4 8.d5 Ne5
9.Re1 Nf6 10.Nxe5 dxe5 11.c4 O-O-O 12.Nc3 e6 13.Bg5 Be7 14.Rxe5 h6 15.Bf4 exd5
16.Nb5 b6 17.Qa4 a5 18.cxd5 Rhe8 19.Rd1 Bf8 20.d6 Kb7 21.Qb3 Qg4 22.Rxe8 c4
23.Qa4 Nxe8 24.g3 g5 25.h3 Qd7  1/2-1/2

[Event "300 Years"]
[Site "St Petersburg RUS"]
[Date "2003.10.19"]
[Round "2"]
[White "Anisimov,P"]
[Black "Amonatov,F"]
[Result "1/2-1/2"]
[WhiteElo "2445"]
[BlackElo "2557"]

1.e4 c5 2.Nf3 d6 3.Bb5+ Nd7 4.d4 Nf6 5.O-O cxd4 6.Qxd4 e5 7.Qd3 h6 8.c4 Be7
9.Nc3 a6 10.Bxd7+ Bxd7 11.Be3 O-O 12.a4 Rc8 13.a5 Qc7 14.b3 Be6 15.Rfc1 Qb8
16.Ne1 Ng4 17.Nc2 f5 18.Nd5 Bd8 19.exf5 Bxf5 20.Qe2 Kh8 21.Rd1 Be6 22.Nc3 Bh4
23.f3 Nxe3 24.Nxe3 Bd8 25.Ne4 Rc6 26.Nd5 Bxd5 27.Rxd5 b6 28.Qd1 Bc7 29.axb6 Bxb6+
30.Kh1 Bd4 31.Ra3 Qb6 32.Rda5 Rb8 33.h3 Bb2 34.Ra2 Bd4 35.R2a3  1/2-1/2

[Event "300 Years"]
[Site "St Petersburg RUS"]
[Date "2003.10.19"]
[Round "2"]
[White "Ovetchkin,R"]
[Black "Pavlov,Al"]
[Result "1-0"]
[WhiteElo "2507"]
[BlackElo "2284"]

1.e4 c5 2.Nf3 d6 3.Bb5+ Nd7 4.d4 Nf6 5.O-O e6 6.dxc5 dxc5 7.e5 Nd5 8.c4 Nb6
9.Bg5 Be7 10.Bxe7 Qxe7 11.Nbd2 O-O 12.Re1 Rd8 13.Ba4 Nxa4 14.Qxa4 Nf8 15.Ne4 Bd7
16.Qa3 b6 17.h4 Bc6 18.h5 h6 19.Qe3 Nh7 20.Rad1 Rd7 21.Rxd7 Qxd7 22.Nd6 Rd8
23.Nd2 f6 24.f4 fxe5 25.fxe5 Qe7 26.Qg3 Ng5 27.Rf1 Be8 28.Qg4 Bc6 29.b3 Kh7
30.Rf2 Kg8 31.Nb1 Rf8 32.Rxf8+ Qxf8 33.Nc3 Qe7 34.Ne2 Qd7 35.Nf4 Qd8 36.Kh2 Bd7
37.Kg3 Qa8 38.Kh2 Qd8 39.Kh1 Qf8 40.Kg1 Qd8 41.Kh2 Qb8 42.Ng6 Qd8 43.Qf4 Bc6
44.Nc8 Be4 45.Nd6 Bc6 46.Kg1 Bf3 47.Qh2 Kh7 48.Kf1 Be4 49.Nf4 Bb1 50.Qg3 Kg8
51.Ke2 Qf8 52.Ng6 Qa8 53.a3 Bc2 54.Nf4 a6 55.Kd2 Be4 56.Qg4 Bc6 57.a4 b5
58.axb5 axb5  1-0

[Event "300 Years"]
[Site "St Petersburg RUS"]
[Date "2003.10.19"]
[Round "2"]
[White "Vorobiov,D"]
[Black "Zaitsev,A2"]
[Result "0-1"]
[WhiteElo "2179"]
[BlackElo "2368"]

1.e4 c5 2.Nf3 d6 3.Bb5+ Bd7 4.Bxd7+ Qxd7 5.c4 Nc6 6.O-O g6 7.d4 cxd4 8.Nxd4 Bg7
9.Be3 Nf6 10.f3 O-O 11.Nc3 Rac8 12.b3 Rfd8 13.Qd2 e6 14.Rad1 Qc7 15.Ncb5 Qb8
16.Nxc6 bxc6 17.Nxa7 Rc7 18.Qa5 Rdd7 19.Qa4 Rxa7 20.Bxa7 Rxa7 21.Qxc6 Rxa2
22.Qxd6 Qa7+ 23.Kh1 Bf8 24.Qd8 Kg7 25.e5 Nh5 26.Qe8 Qe3 27.Qd7 Ng3+ 28.hxg3 Qh6+
29.Kg1 Bc5+  0-1

[Event "After Holidays IM"]
[Site "Tel Aviv ISR"]
[Date "2003.10.19"]
[Round "1"]
[White "Reznik,Vi"]
[Black "Ben Pinchas,N"]
[Result "1/2-1/2"]
[WhiteElo "2296"]
[BlackElo "2146"]

1.e4 c5 2.Nf3 d6 3.Bb5+ Bd7 4.Bxd7+ Qxd7 5.O-O Nc6 6.c3 Nf6 7.Qe2 g6 8.d4 cxd4
9.cxd4 d5 10.e5 Ne4 11.Be3 Bg7 12.Ne1 f6  1/2-1/2

[Event "La Raza"]
[Site "Medellin COL"]
[Date "2003.10.20"]
[Round "9"]
[White "Cuartas,Ja"]
[Black "Alzate,D"]
[Result "1-0"]
[WhiteElo "2419"]
[BlackElo "2420"]

1.e4 c5 2.Nf3 d6 3.Bb5+ Nd7 4.d4 Nf6 5.Nc3 cxd4 6.Qxd4 e5 7.Qd3 h6 8.Nd2 a6
9.Bxd7+ Bxd7 10.Nc4 Be6 11.O-O Rc8 12.Nd5 Nxd5 13.exd5 Bd7 14.Ne3 Be7 15.Re1 g6
16.c4 b5 17.b3 O-O 18.Ba3 Qa5 19.Bb2 f5 20.f4 e4 21.Qd1 bxc4 22.Nxc4 Qb5
23.Qd2 Kh7 24.Kh1 Qb8 25.Rac1 g5 26.Rc3 Rg8 27.Qd4 Rcf8 28.fxg5 Rxg5 29.Rh3 Rg6
30.Qf2 Bg5 31.Rc3 Bb5 32.Bc1 Bf6 33.Rc2 Bxc4 34.Rxc4 Be5 35.Bf4 Bxf4 36.Qxf4 Rg4
37.Qf2 Qd8 38.Rf1 Qg5 39.h3 Rg3 40.Rxe4 fxe4 41.Qxf8 Rxg2 42.Rf7+  1-0

[Event "300 Years"]
[Site "St Petersburg RUS"]
[Date "2003.10.21"]
[Round "4"]
[White "Alavkin,A"]
[Black "Akhmadeev,V"]
[Result "1-0"]
[WhiteElo "2485"]
[BlackElo "2398"]

1.e4 c5 2.Nf3 d6 3.Bb5+ Nd7 4.d4 cxd4 5.Qxd4 e5 6.Qd3 h6 7.c4 Nf6 8.Nc3 Be7
9.O-O O-O 10.Bxd7 Bxd7 11.Rd1 a6 12.c5 dxc5 13.Bxh6 Qc7 14.Bg5 Be6 15.Bxf6 Bxf6
16.Nd5 Bxd5 17.exd5 Rfd8 18.Qe4 Rd7 19.g4 g6 20.h4 Rad8 21.h5 gxh5 22.gxh5 Qd6
23.Kh1 Kf8 24.Rd2 Ke7 25.Re1 Rh8 26.Qf5 Kd8 27.Re4 Bg7 28.Kg2 f6 29.Rd3 Bh6
30.Rg4 Rg7 31.Rxg7 Bxg7 32.Nd2 Qd7 33.Qxd7+ Kxd7 34.Ne4 c4 35.Rg3 Bf8 36.Nxf6+ Ke7
37.Rg6 b5 38.Ne4 a5 39.d6+ Kd8 40.Nc5 b4 41.Kf1 a4 42.Rf6 b3 43.axb3 axb3
44.Rf7 Bxd6 45.Nb7+ Kc8 46.Nxd6+ Kb8 47.Nxc4 Rxh5 48.Rf3  1-0

[Event "After Holidays IM"]
[Site "Tel Aviv ISR"]
[Date "2003.10.21"]
[Round "3"]
[White "Ettinger,A"]
[Black "Ben Pinchas,N"]
[Result "1/2-1/2"]
[WhiteElo "2189"]
[BlackElo "2146"]

1.e4 c5 2.Nf3 d6 3.Bb5+ Bd7 4.Bxd7+ Qxd7 5.c4 Nc6 6.Nc3 Nf6 7.O-O g6 8.d4 cxd4
9.Nxd4 Bg7 10.Re1 Nxd4 11.Qxd4 O-O 12.Bg5 Ng4 13.Qd2 Ne5 14.b3 Qg4 15.Kf1 Nxc4
16.bxc4 Bxc3 17.Qxc3 Qxg5 18.e5 dxe5 19.Qxe5 Qxe5 20.Rxe5 e6 21.Rb5 b6 22.c5 bxc5
23.Rxc5 Rfc8 24.Rac1 Rxc5 25.Rxc5 Rb8 26.a4 Rb7 27.Ke2 Rd7 28.a5 Kg7 29.Ke3 Kf6
30.Ke4 Rd2 31.g4 Rxf2 32.g5+ Kg7 33.Rc7 Rf5 34.Rxa7 Rxg5 35.a6 Ra5 36.Kd4 Ra2
37.Kc5 Rxh2 38.Rc7 h5 39.a7 Ra2 40.Kb6 Rb2+ 41.Kc6 Ra2 42.Kb7 h4 43.Rc2 Rxa7+
44.Kxa7 Kf6 45.Kb6 Kg5 46.Kc5 h3 47.Rd2 Kh5 48.Rd3 Kg4 49.Rd4+ Kg5 50.Rd3 Kh4
51.Rd4+ Kg3 52.Rd3+ Kg2 53.Rd2+ Kg3 54.Rd3+ Kf2 55.Rxh3 g5 56.Rh2+ Kf3 57.Kd6 g4
58.Rh1 Kg2 59.Rh6 g3 60.Rf6 Kh2 61.Rxf7 g2 62.Rg7 g1=Q 63.Rxg1 Kxg1  1/2-1/2

[Event "VII Taca BCX"]
[Site "Brasilia BRA"]
[Date "2003.10.22"]
[Round "4"]
[White "Coelho,L"]
[Black "Pompeo,F"]
[Result "1-0"]
[WhiteElo "2378"]
[BlackElo "1992"]

1.e4 c5 2.Nf3 d6 3.Bb5+ Nd7 4.d4 cxd4 5.Qxd4 Nf6 6.Nc3 g6 7.e5 dxe5 8.Nxe5 Bg7
9.Bg5 O-O 10.O-O-O Qa5 11.Nc4 Qb4 12.Rhe1 e6 13.a3 Qc5 14.Qxc5 Nxc5 15.Bf4 Bd7
16.Bxd7 Ncxd7 17.Na5 b6 18.Nc6 h6 19.Bd6 Rfe8 20.Nb5 Nd5 21.Ncxa7 Red8 22.c4 Rdc8
23.Nxc8 Rxc8 24.b3 N5f6 25.Bb4 Nc5 26.Kc2 Ng4 27.f3 Ne5 28.Bc3 f6 29.Bxe5 fxe5
30.b4 Nb7 31.Rd7 Nd8 32.Red1 Bf6 33.Nd6  1-0

[Event "21st Muensterland Open"]
[Site "Senden GER"]
[Date "2003.10.22"]
[Round "7"]
[White "Schlawin,M"]
[Black "Pinter,J"]
[Result "1/2-1/2"]
[WhiteElo "2293"]
[BlackElo "2518"]

1.e4 c5 2.Nf3 d6 3.Bb5+ Nd7 4.d4 Nf6 5.Nc3 cxd4 6.Qxd4 a6 7.Bxd7+ Bxd7 8.Bg5 h6
9.Bxf6 gxf6 10.Nd5 Rg8 11.O-O-O Rc8 12.Nh4 Qa5 13.Nf5 Bxf5 14.exf5  1/2-1/2

[Event "WYb14"]
[Site "Halkidiki GRE"]
[Date "2003.10.23"]
[Round "1"]
[White "Howell,D"]
[Black "Vuillermoz,R"]
[Result "1-0"]
[WhiteElo "2381"]
[BlackElo "2056"]

1.e4 c5 2.Nf3 d6 3.Bb5+ Nc6 4.O-O Bd7 5.c3 Nf6 6.Re1 a6 7.Bxc6 Bxc6 8.d4 cxd4
9.cxd4 d5 10.e5 Ne4 11.e6 f6 12.Nfd2 g6 13.Nxe4 dxe4 14.Nc3 Bd5 15.Nxe4 Bxe4
16.Rxe4 Qd5 17.Re2 Bg7 18.Qa4+ b5 19.Qb4 O-O 20.Bf4 Rad8 21.Qxe7 Qxd4 22.Rd2 Qxd2
23.Bxd2 Rxd2 24.h3 f5 25.Rc1 Bxb2 26.Rc6 Be5 27.g3 Rd1+ 28.Kg2 f4 29.gxf4 Bxf4
30.Rb6 Rd2 31.Rb7 Rxf2+ 32.Kxf2 Bd6+ 33.Qxf8+ Kxf8 34.Kf3 Be7 35.Ke4 h5 36.Ra7 b4
37.Rxa6 Kg7 38.Ke5 g5 39.Ra7 Kf8 40.Kf5 g4 41.hxg4 h4 42.Kg6  1-0

[Event "300 Years"]
[Site "St Petersburg RUS"]
[Date "2003.10.23"]
[Round "6"]
[White "Ovetchkin,R"]
[Black "Amonatov,F"]
[Result "0-1"]
[WhiteElo "2507"]
[BlackElo "2557"]

1.e4 c5 2.Nf3 d6 3.Bb5+ Nd7 4.d4 Nf6 5.O-O a6 6.Bxd7+ Qxd7 7.Re1 cxd4 8.Bg5 e6
9.Bxf6 gxf6 10.Nxd4 Qc7 11.Nc3 Qc5 12.Qd2 Bd7 13.a4 h5 14.Nb3 Qc7 15.Qd4 Be7
16.a5 O-O-O 17.Re3 Kb8 18.Nd5 exd5 19.Rc3 Bc6 20.exd5 Rc8 21.dxc6 bxc6 22.Qc4 d5
23.Qxa6 Qb7 24.Qe2 Ka8 25.Nd4 Rc7 26.Rb3 Qc8 27.Rb6 Bc5 28.Nb3 Re8 29.Qf1 Bd6
30.a6 Qf5 31.Nd4 Bxh2+ 32.Kh1 Qe4 33.Nf3 Be5 34.Rb7 Rec8 35.c3 h4 36.Re1 Qf5
37.Qe2 h3 38.g3 Rxb7 39.axb7+ Kxb7  0-1

[Event "300 Years"]
[Site "St Petersburg RUS"]
[Date "2003.10.23"]
[Round "6"]
[White "Pugachov,A"]
[Black "Akhmadeev,V"]
[Result "1-0"]
[WhiteElo "2499"]
[BlackElo "2398"]

1.e4 c5 2.Nf3 d6 3.Bb5+ Bd7 4.Bxd7+ Qxd7 5.c4 Nf6 6.Nc3 Nc6 7.d4 cxd4 8.Nxd4 g6
9.Nde2 Bg7 10.f3 O-O 11.O-O a6 12.a4 Qd8 13.b3 Qb6+ 14.Kh1 Rfd8 15.Bg5 e6
16.Rb1 h6 17.Bh4 Rd7 18.Qd2 Kh7 19.f4 Ne8 20.Bf2 Qa5 21.Rfd1 Rdd8 22.b4 Qc7
23.a5 Qe7 24.Qe1 Rac8 25.Na4 Nb8 26.Nb6 Rc7 27.Nc3 Nc6 28.Rd3 Rb8 29.Qd2 f5
30.exf5 gxf5 31.Re1 Qf7 32.Rde3 Nd8 33.Bh4 Nf6 34.Qxd6 Ng4 35.Bxd8 Rxd8 36.Qxd8 Qh5
37.h3 Rf7 38.Rf3 Bf6 39.Qd2 Bh4 40.Rxe6 Rg7 41.Nbd5 Qf7 42.Re2 Qh5  1-0

[Event "After Holidays IM"]
[Site "Tel Aviv ISR"]
[Date "2003.10.24"]
[Round "6"]
[White "Marusenko,P"]
[Black "Ben Pinchas,N"]
[Result "1/2-1/2"]
[WhiteElo "2345"]
[BlackElo "2146"]

1.e4 c5 2.Nf3 d6 3.Bb5+ Bd7 4.Bxd7+ Qxd7 5.c4 Nc6 6.d4 cxd4 7.Nxd4 Nf6 8.Nc3 Qg4
9.Qxg4 Nxg4 10.Nc2 Nge5 11.Ne3 Nd3+ 12.Ke2 Nxc1+ 13.Raxc1 g6 14.Ned5 Rc8
15.Rhd1 Bg7 16.b3 O-O 17.f4 Rfe8 18.g3 Nd4+ 19.Kf2 Nc6 20.Kg2 Kf8 21.Nb5 Kg8
22.h4 h5 23.Rf1 a6 24.Nbc3 e6 25.Ne3 Red8 26.Rfd1 Nd4 27.Rd3 Nc6 28.Ne2 Kf8
29.Rcd1 Ke7 30.a3 b5 31.cxb5 axb5 32.b4 Ra8 33.Nc2 Rac8  1/2-1/2

[Event "CCAS Open"]
[Site "Cap d'Agde FRA"]
[Date "2003.10.25"]
[Round "4"]
[White "Laurent,B"]
[Black "Kosten,A"]
[Result "1/2-1/2"]
[WhiteElo "2365"]
[BlackElo "2540"]

1.e4 c5 2.Nf3 d6 3.Bb5+ Bd7 4.Bxd7+ Qxd7 5.O-O Nc6 6.c3 Nf6 7.d4 cxd4 8.cxd4 d5
9.e5 Ne4 10.Ne1 f6 11.f3 Ng5 12.Bxg5 fxg5 13.f4 gxf4 14.Nd3 e6 15.Nxf4 O-O-O
16.Nc3 Kb8 17.a3 Rc8 18.Kh1 Qe8 19.Rc1 h5 20.Qd3 Rh6  1/2-1/2

[Event "3rd Rohde Open"]
[Site "Sautron FRA"]
[Date "2003.10.25"]
[Round "1"]
[White "Jaulin,P"]
[Black "Stocek,J"]
[Result "0-1"]
[WhiteElo "2106"]
[BlackElo "2545"]

1.e4 c5 2.Nf3 d6 3.Bb5+ Nd7 4.O-O a6 5.Bxd7+ Bxd7 6.d4 cxd4 7.Nxd4 Rc8 8.Nc3 g6
9.Bg5 Bg7 10.Nd5 h6 11.Be3 Nf6 12.Nxf6+ Bxf6 13.Qd2 h5 14.c3 h4 15.h3 Rh5
16.a4 d5 17.exd5 Rxd5 18.f4 Bf5 19.Qf2 Qd7 20.Nf3 Rc4 21.Nxh4 Bd3 22.Rfe1 Rxa4
23.Rxa4 Qxa4 24.Nf3 Qc2 25.Qxc2 Bxc2 26.Bd4 Bxd4+ 27.Nxd4 Ba4 28.Kf2 Bd7
29.Re5 Rd6 30.Ke3 b6 31.Rg5 Bc8 32.g4 Bb7 33.h4 Kd7 34.Kf2 Be4 35.Ke3 f6
36.Kxe4 fxg5 37.fxg5 Ke8 38.Ke5 Kf7 39.h5 a5 40.b3 Rd8 41.c4 Rc8 42.Nf3 a4
43.bxa4 gxh5 44.gxh5 Rxc4 45.Kd5 Rxa4 46.Ne5+ Kg7 47.h6+ Kh7 48.Nc6 Rg4 49.Nxe7 Rxg5+
50.Kc4 Kxh6 51.Nd5 b5+ 52.Kd4 Kg7 53.Nb6 Kf7 54.Kc3 Ke7 55.Nc8+ Kd7 56.Na7 Kc7
57.Kb4 Kb6  0-1

[Event "Curacao Open"]
[Site "Willemstad AHO"]
[Date "2003.10.25"]
[Round "1"]
[White "Szmetan,J"]
[Black "Stam,B"]
[Result "1-0"]
[WhiteElo "2404"]
[BlackElo "2056"]

1.e4 c5 2.Nf3 d6 3.Bb5+ Bd7 4.Bxd7+ Qxd7 5.O-O Nc6 6.c3 Nf6 7.d4 Nxe4 8.d5 Ne5
9.Re1 Nxf3+ 10.Qxf3 Nf6 11.c4 e6 12.dxe6 fxe6 13.Bg5 Be7 14.Nc3 O-O 15.Qh3 Rfe8
16.Rxe6 Rad8 17.Rae1 h6 18.Bxh6 gxh6 19.Qxh6 Nh7 20.Rg6+ Kh8 21.Qg7+  1-0

[Event "CCAS Open"]
[Site "Cap d'Agde FRA"]
[Date "2003.10.26"]
[Round "5"]
[White "Midoux,S"]
[Black "Debeaune,R"]
[Result "0-1"]
[WhiteElo "2349"]
[BlackElo "2168"]

1.e4 c5 2.Nf3 d6 3.Bb5+ Bd7 4.Bxd7+ Qxd7 5.O-O Nc6 6.c3 Nf6 7.d4 cxd4 8.cxd4 g6
9.Qe2 Bg7 10.Nc3 O-O 11.Rd1 d5 12.Ne5 Qd8 13.Nxc6 bxc6 14.e5 Nd7 15.b3 Qa5
16.Na4 Qb4 17.Bb2 e6 18.Qd2 a5 19.Qc1 Rfc8 20.Ba3 Qb5 21.Bd6 Bf8 22.Bxf8 Kxf8
23.Qh6+ Kg8 24.Rac1 c5 25.dxc5 Nxc5 26.Nc3 Qb4 27.Qe3 Nd7 28.Rd4 Qb8 29.f4 Qb6
30.Rcd1 Ra7 31.Na4 Qb8 32.Qd2 Nc5 33.Nxc5 Rxc5 34.h4 h5 35.Qe3 Rac7 36.R4d3 Qb4
37.R3d2 Rc3 38.Qf2 Qe4 39.Re2 Qf5 40.Kh2 Kg7 41.g3 Qg4 42.Rg1 Rf3 43.Qe1 Rcc3
44.Rgg2 Rxg3 45.Rxg3 Rxg3 46.Qxg3 Qxe2+ 47.Qg2 Qe3 48.Qg5 Qd2+ 49.Kg3 Qxa2
50.Qf6+ Kg8 51.Qd8+ Kh7 52.Qb8 Qc2 53.Qb7 Qd3+ 54.Kf2 Qd4+ 55.Ke2 Qxf4 56.Qc7 Kg7  0-1